000 00569nam a22001697a 4500
999 _c61425
_d61425
005 20240312172846.0
008 240312b xxu||||| |||| 00| 0 geo d
041 _arus
080 _a7 У-27
100 _aУгринович, Д.М.
_915423
245 _aИскусство и религия :
_bТеоретический очерк /
_cД.М. Угринович.
264 _aМ.:
_bПолитиздат,
_c1982.
300 _a287 c.:
_bил.;
_c17 см.
653 _aრელიგია
653 _aხელოვნება
942 _2udc
_cᲬᲘᲒᲜᲘ